[Event "AUTO-INT-3899"]
[Site "http://www.queenalice.com/game.php?id=1846674"]
[Date "2024.11.5"]
[Round "1"]
[White "eloy"]
[Black "flanny"]
[Result "1-0"]
[WhiteElo "1688"]
[BlackElo "1589"]

1. e4 e5 2. Nf3 d6 3. Bc4 h6 4. c3 b6 5. h3 Nf6 6. d3 Be7 7. b4 O-O 8. Na3 a6 9.
Be3 b5 10. Bb3 d5 11. O-O c6 12. Nxe5 Be6 13. Nc2 a5 14. a3 a4 15. Ba2 Bd6 16.
f4 Re8 17. Nd4 Nh7 18. exd5 cxd5 19. Nxb5 Re7 20. Nxd6 Qxd6 21. Bc5 Qd8 22. Bxe7
Qxe7 23. d4 Nf6 24. f5 Bd7 25. c4 Bc6 26. c5 Bb5 27. Re1 Qb7 28. Qf3 Nc6 29.
Bxd5 Nxd5 30. Qxd5 Qc7 31. Ng6 Rd8 32. Qe4 fxg6 33. Qe6+ Kf8 34. Qxg6 Qf7 35.
Qxf7+ Kxf7 36. Re6 Rxd4 37. Rae1 Bc4 38. Rxc6 Bd3 39. g4 h5 40. Rc7+ Kf8 41.
Ree7 Bc4 42. Red7 Rxd7 43. Rxd7 Bb5 44. Rc7 hxg4 45. hxg4 Be8 46. Ra7 Kg8 47. g5
Kf8 48. Rc7 Kg8 49. c6 Kf8 50. Rc8 Kf7 51. c7 Bd7 52. Rb8 Bxf5 53. c8=Q Bxc8 54.
Rxc8 Kg6 55. Ra8 Kxg5 56. Rxa4 Kf5 57. b5 Ke6 58. Rc4 Kd5 59. Rc1 1-0

[Event "AUTO-INT-3899"]
[Site "http://www.queenalice.com/game.php?id=1846675"]
[Date "2024.11.5"]
[Round "1"]
[White "flanny"]
[Black "eloy"]
[Result "1/2-1/2"]
[WhiteElo "1634"]
[BlackElo "1588"]

1. e4 e5 2. Qh5 Qf6 3. Qe2 a6 4. Nc3 Bc5 5. Nf3 Nc6 6. d3 Nh6 7. Bg5 Qe6 8. Nd5
Bb6 9. a3 Ng4 10. h3 Nh6 11. g4 f6 12. Bxh6 gxh6 13. Nh4 d6 14. O-O-O Nd4 15.
Qd2 Bd7 16. Qxh6 O-O-O 17. b3 Bc5 18. b4 Bc6 19. bxc5 dxc5 20. Nf5 Bxd5 21. exd5
Qb6 22. d6 Nxf5 23. gxf5 Qxd6 24. Bg2 c4 25. Kb2 Qb6+ 26. Ka2 cxd3 27. c3 Qxf2+
28. Qd2 Qe2 29. Bf1 Qxd2+ 30. Rxd2 e4 31. Rd1 Rd5 32. Bg2 Re8 33. Rhe1 Rde5 34.
Re3 Rg8 35. Bxe4 Rg2+ 36. Kb1 Re2 37. Rdxd3 Rxe4 38. Rxe4 Rxe4 39. Rf3 h5 40.
Kc2 Kd7 41. Rg3 Rf4 42. Rg7+ Kd6 43. Kd3 Rxf5 44. Ke4 Rf1 45. Rg8 f5+ 46. Kd4
c5+ 47. Kc4 Rf3 48. h4 Rf4+ 49. Kd3 Rxh4 50. Ke3 Ra4 51. Rg5 f4+ 52. Kd3 h4 53.
Rh5 Rxa3 54. Rxh4 Ra4 55. Rh3 Kd5 56. Rh5+ Kc6 57. c4 Ra3+ 58. Kc2 f3 59. Rf5
Kb6 60. Kd2 Kc6 61. Ke1 Kd6 62. Kf2 b5 63. Rf4 bxc4 64. Rxc4 Kd5 65. Rf4 c4 66.
Rf6 Ke4 67. Re6+ Kf5 68. Rc6 Ke4 69. Rxc4+ Kd5 70. Rf4 Ke5 71. Rb4 a5 72. Rh4
Kf5 73. Kg3 Kg5 74. Rc4 Kf5 75. Rf4+ Ke5 76. Rc4 Kd5 77. Rf4 Ke5 78. Rc4 Kd5 79.
Rh4 a4 80. Kf2 Ra2+ 81. Kxf3 a3 82. Ke3 Rb2 83. Kd3 a2 84. Ra4 Rg2 85. Kc3 Kc5
86. Kb3 Rg3+ 87. Kxa2 Kb5 88. Rh4 Rf3 89. Kb2 Kc5 90. Kc2 Rg3 91. Kd2 Kd5 92.
Ke2 Ke5 93. Kf2 Ra3 94. Rb4 Kd5 95. Rh4 Kc5 1/2-1/2

[Event "AUTO-INT-3899"]
[Site "http://www.queenalice.com/game.php?id=1846692"]
[Date "2024.11.5"]
[Round "1"]
[White "renet54"]
[Black "flanny"]
[Result "0-1"]
[WhiteElo "1544"]
[BlackElo "1601"]

1. e4 h6 2. d4 e6 3. Nf3 d6 4. Bc4 a6 5. O-O b5 6. Bb3 Bb7 7. Bf4 Bxe4 8. Nc3
Bf5 9. Re1 Be7 10. d5 e5 11. Bxe5 dxe5 12. Rxe5 Bd7 13. Qd4 c5 14. Qxc5 f6 15.
d6 Nc6 16. dxe7 Ngxe7 17. Qd5 Nxe5 18. Nxe5 Nxd5 19. Bxd5 fxe5 20. Bxa8 Qxa8 21.
Re1 O-O 22. h3 Re8 23. Ne4 Qd5 24. Nc3 Qd2 25. Rd1 Qxc2 26. Rxd7 Qxb2 27. Nd5
Qxa2 28. Nc7 Rf8 29. Kh2 Rxf2 30. Ne8 Rxg2+ 31. Kh1 Rh2+ 32. Kg1 Qg2# 0-1

[Event "AUTO-INT-3899"]
[Site "http://www.queenalice.com/game.php?id=1846693"]
[Date "2024.11.5"]
[Round "1"]
[White "flanny"]
[Black "renet54"]
[Result "0-1"]
[WhiteElo "1615"]
[BlackElo "1548"]

1. e4 e5 2. h3 Nc6 3. c3 Nf6 4. d3 d5 5. exd5 Nxd5 6. b4 Bd6 7. Bd2 O-O 8. b5
Nce7 9. a4 Re8 10. Nf3 Nf5 11. Be2 b6 12. Qb3 Be6 13. Bg5 Be7 14. Bd2 Nf4 15.
Qd1 Nxg2+ 16. Kf1 Nf4 17. Bxf4 exf4 18. Qd2 h6 19. Qxf4 Bd6 20. Qd2 Qd7 21. d4
Rad8 22. Qc2 Bd5 23. c4 Bxf3 24. Bxf3 Nxd4 25. Qc3 Nxf3 26. Qxf3 Be5 27. Nc3
Qd3+ 28. Kg2 Qg6+ 29. Qg4 Qxg4+ 30. hxg4 Bxc3 31. Rh3 Bxa1 32. Ra3 Bd4 33. a5
Re2 0-1

[Event "AUTO-INT-3907"]
[Site "http://www.queenalice.com/game.php?id=1849511"]
[Date "2024.12.30"]
[Round "1"]
[White "profeta"]
[Black "flanny"]
[Result "0-1"]
[WhiteElo "1689"]
[BlackElo "1579"]

1. e4 e5 2. Nf3 d6 3. Nc3 Nf6 4. d4 exd4 5. Qxd4 Nc6 6. Qd1 h6 7. h3 Be7 8. Nd5
O-O 9. Nxe7+ Qxe7 10. Bd3 b6 11. Be3 Nxe4 12. Bxe4 Qxe4 13. Qd3 Qb4+ 14. Qc3 Re8
15. Qxb4 Nxb4 16. O-O Nxc2 17. Rac1 Nxe3 18. Rfe1 Be6 19. fxe3 c5 20. a3 d5 21.
b4 cxb4 22. axb4 a5 23. b5 g5 24. g4 a4 25. e4 a3 26. exd5 Bxd5 27. Nd4 a2 28.
Ra1 Rxe1+ 29. Rxe1 a1=Q 30. Rxa1 Rxa1+ 31. Kf2 Ra3 32. Nf5 Kh7 33. Ne7 Bc4 34.
Nf5 Rxh3 35. Kg2 Rd3 36. Kf2 Bxb5 37. Ne7 Bd7 38. Ke2 Rg3 39. Nd5 b5 40. Kf2
Rxg4 41. Ne3 Rd4 42. Nf1 b4 43. Ne3 b3 44. Ke1 b2 45. Ke2 b1=Q 46. Kf3 Qe4+ 47.
Ke2 Bg4+ 48. Ke1 Qxe3+ 49. Kf1 Qe2+ 50. Kg1 Rd1# 0-1

[Event "AUTO-INT-3907"]
[Site "http://www.queenalice.com/game.php?id=1849512"]
[Date "2024.12.30"]
[Round "1"]
[White "flanny"]
[Black "profeta"]
[Result "0-1"]
[WhiteElo "1614"]
[BlackElo "1640"]

1. e4 e5 2. Nf3 Nc6 3. Bc4 Nf6 4. d3 h6 5. O-O a6 6. a3 Bc5 7. b4 Bd4 8. c3 Bxc3
9. Nxc3 b5 10. Bb3 O-O 11. a4 a5 12. axb5 Nxb4 13. Ba3 Bb7 14. Nxe5 d6 15. Nd5
Nfxd5 16. exd5 Nxd5 17. Bxd5 Bxd5 18. Nf3 Bxf3 19. Qxf3 Qf6 20. Qc6 Rfc8 21. b6
cxb6 22. Qxb6 Rcb8 23. Qe3 Re8 24. Qb6 Reb8 25. Qe3 Re8 26. Qg3 d5 27. Rab1 Qe5
28. Rfe1 Qxe1+ 0-1

[Event "AUTO-INT-3907"]
[Site "http://www.queenalice.com/game.php?id=1849525"]
[Date "2024.12.30"]
[Round "1"]
[White "flanny"]
[Black "Ruusgugg"]
[Result "1-0"]
[WhiteElo "1611"]
[BlackElo "1297"]

1. e4 g5 2. d4 e6 3. e5 d6 4. exd6 Bxd6 5. Nf3 f5 6. Bxg5 Nf6 7. Bb5+ c6 8. Bd3
Qb6 9. Bxf6 Rg8 10. Ng5 Qxb2 11. Qh5+ Kd7 12. Qxh7+ Ke8 13. Qf7# 1-0

[Event "AUTO-INT-3907"]
[Site "http://www.queenalice.com/game.php?id=1849526"]
[Date "2024.12.30"]
[Round "1"]
[White "Ruusgugg"]
[Black "flanny"]
[Result "0-1"]
[WhiteElo "1235"]
[BlackElo "1599"]

1. g4 e5 2. h4 d5 3. g5 e4 4. d4 exd3 5. cxd3 b6 6. f4 Bd6 7. Nf3 Bg4 8. Rg1
Bxf3 9. exf3 Nc6 10. h5 h6 11. gxh6 gxh6 12. Qc2 Qh4+ 13. Kd1 O-O-O 14. Rg7 Bxf4
15. Bxf4 Qxf4 16. Bh3+ Kb7 17. Nd2 Nd4 18. Qc3 Nxf3 19. Rg4 Qe3 20. Rg3 Re8 21.
Kc2 Nd4+ 22. Kc1 Ne2+ 23. Kc2 Qxg3 24. Bd7 Nxc3 25. bxc3 Re3 26. Bb5 a6 27. Bd7
Rxd3 28. Rd1 Nf6 29. Bf5 Rxc3+ 30. Kb2 Re8 0-1

[Event "AUTO-INT-3907"]
[Site "http://www.queenalice.com/game.php?id=1849527"]
[Date "2024.12.30"]
[Round "1"]
[White "flanny"]
[Black "Givanildo"]
[Result "0-1"]
[WhiteElo "1601"]
[BlackElo "1707"]

1. e4 d5 2. e5 Bf5 3. d4 e6 4. Nf3 h6 5. h3 Bb4+ 6. Bd2 Bxd2+ 7. Nbxd2 a6 8. Bd3
Bxd3 9. cxd3 Ne7 10. O-O O-O 11. a4 Nec6 12. Nb3 b6 13. a5 Nb4 14. axb6 cxb6 15.
g3 N8c6 16. Rc1 Rc8 17. Qd2 Na2 18. Ra1 Nab4 19. h4 a5 20. Nh2 f6 21. exf6 Qxf6
22. Ng4 Qg6 23. Qe2 Nxd3 24. Ne5 Ncxe5 25. dxe5 h5 26. Rfd1 Nxf2 27. Kg2 Qf5 28.
Qxf2 Qxf2+ 0-1

[Event "AUTO-INT-3907"]
[Site "http://www.queenalice.com/game.php?id=1849528"]
[Date "2024.12.30"]
[Round "1"]
[White "Givanildo"]
[Black "flanny"]
[Result "0-1"]
[WhiteElo "1648"]
[BlackElo "1601"]

1. d4 e6 2. Bf4 d5 3. e3 c6 4. Bd3 b5 5. a3 a5 6. c3 a4 7. Ne2 h6 8. O-O Be7 9.
Ng3 Nf6 10. Nh5 g6 11. Nxf6+ Bxf6 12. e4 g5 13. Bg3 dxe4 14. Bxe4 h5 15. h3 h4
16. Bh2 Qb6 17. Qf3 Bb7 18. Qxf6 Rg8 19. Bd6 Qd8 20. Qxd8+ Kxd8 21. Nd2 Nd7 22.
Nf3 Nf6 23. Bd3 g4 24. Ne5 gxh3 25. g3 Rg7 26. c4 hxg3 27. fxg3 Rxg3+ 28. Kf2
Rg2+ 29. Kf3 c5+ 30. d5 exd5 31. Nxf7+ Kd7 32. Bf5+ Ke8 33. Rae1+ Ne4 34. Bxe4
dxe4+ 35. Kf4 Kxf7 36. Ke5+ Kg8 37. cxb5 Re8+ 38. Kf6 c4 39. Rc1 Rxb2 40. Rg1+
Kh7 41. Rg7+ Kh6 42. Bf4+ Kh5 43. Rcg1 Rg2 44. Rh7+ Kg4 45. Rxg2+ hxg2 46. Rxb7
g1=Q 47. Rg7+ Kxf4 48. Rxg1 Rb8 49. Rf1+ Ke3 50. Ke5 Rxb5+ 51. Kd6 c3 52. Re1+
Kd3 53. Kc6 Rf5 54. Kd6 e3 55. Ke6 Ra5 56. Rd1+ Kc2 57. Re1 Kd2 58. Rg1 c2 59.
Rg2+ e2 60. Kd6 c1=Q 61. Ke7 Qf1 62. Rg6 e1=Q+ 63. Re6 Ra7+ 64. Kd6 Qd3+ 65. Kc5
Qc1+ 66. Kb4 Qcc4# 0-1

[Event "AUTO-INT-3915"]
[Site "http://www.queenalice.com/game.php?id=1851754"]
[Date "2025.2.8"]
[Round "1"]
[White "caradepau"]
[Black "flanny"]
[Result "0-1"]
[WhiteElo "1610"]
[BlackElo "1619"]

1. e4 e5 2. Bc4 c6 3. a3 b5 4. Ba2 a5 5. Nf3 Bd6 6. d3 Nf6 7. Ng5 O-O 8. h3 h6
9. Nf3 a4 10. b4 axb3 11. Bxb3 Na6 12. g4 Bc5 13. g5 hxg5 14. Bxg5 Be7 15. Nxe5
d6 16. Nxc6 Qc7 17. Nxe7+ Qxe7 18. Nc3 Qe5 19. Bxf6 Qxf6 20. Nxb5 Bd7 21. c4
Rfe8 22. Rb1 d5 23. h4 dxe4 24. Kd2 exd3 25. Kxd3 Bf5+ 26. Kd2 Rad8+ 27. Kc1
Rxd1+ 28. Bxd1 Bxb1 29. Kxb1 Qxf2 30. Nd6 Re1 31. Rxe1 Qxe1 32. Kc1 Qc3+ 33. Kb1
Qd3+ 34. Bc2 Qxd6 35. h5 Qxa3 36. h6 gxh6 37. Be4 Nb4 38. c5 Qb3+ 39. Kc1 Qe3+
40. Kd1 Qxe4 41. c6 Nxc6 42. Kd2 f5 43. Kc3 f4 44. Kb3 f3 45. Ka2 f2 46. Kb2
f1=Q 47. Kc3 Qff3+ 48. Kb2 Qee2+ 49. Kc1 Qff1# 0-1

[Event "AUTO-INT-3915"]
[Site "http://www.queenalice.com/game.php?id=1851755"]
[Date "2025.2.8"]
[Round "1"]
[White "flanny"]
[Black "caradepau"]
[Result "1-0"]
[WhiteElo "1603"]
[BlackElo "1660"]

1. e4 e5 2. Nf3 Nc6 3. Nc3 a6 4. d3 h6 5. d4 exd4 6. Nxd4 Na7 7. Bc4 Bb4 8. Bd2
d6 9. Qf3 Nf6 10. h3 Rb8 11. O-O O-O 12. Rfe1 c5 13. Nf5 Bxf5 14. exf5 Bxc3 15.
bxc3 Re8 16. Be3 Nc6 17. Rad1 Ne5 18. Qf4 Nh5 19. Qe4 b5 20. Bd5 Qa5 21. Qh4 Nf6
22. Bf4 Qxc3 23. Re2 Nxd5 24. Rxd5 Qa1+ 25. Kh2 g5 26. fxg6 Nxg6 27. Rxe8+ Kg7
28. Qxh6+ Kf6 29. Rxd6+ Kf5 30. g4# 1-0

[Event "AUTO-INT-3915"]
[Site "http://www.queenalice.com/game.php?id=1851772"]
[Date "2025.2.8"]
[Round "1"]
[White "flanny"]
[Black "Ruusgugg"]
[Result "1-0"]
[WhiteElo "1599"]
[BlackElo "1302"]

1. e4 g5 2. Nc3 c6 3. d4 e6 4. Nf3 g4 5. Ne5 Qe7 6. Qxg4 f6 7. Nd3 f5 8. Qf4 b5
9. a3 Bh6 10. Qe5 Bg7 11. Qg3 fxe4 12. Nf4 Nf6 13. h3 c5 14. Nxb5 d5 15. c4 a6
16. Nc3 cxd4 17. Na4 Qd7 18. Nb6 Qb7 19. Nxa8 Qxa8 20. Qxg7 Rf8 21. cxd5 Rg8 22.
Qxf6 Nd7 23. Qxe6+ Kf8 24. Qh6+ Ke8 25. Ne6 Qxd5 26. Nc7+ 1-0

[Event "AUTO-INT-3915"]
[Site "http://www.queenalice.com/game.php?id=1851773"]
[Date "2025.2.8"]
[Round "1"]
[White "Ruusgugg"]
[Black "flanny"]
[Result "0-1"]
[WhiteElo "1235"]
[BlackElo "1577"]

1. g4 e5 2. h4 d5 3. g5 e4 4. f4 exf3 5. Nxf3 Bd6 6. Rg1 Nc6 7. d4 Be6 8. Nc3
Qe7 9. Ne5 Bxe5 10. e3 Qd6 11. e4 Bg3+ 12. Ke2 Bg4+ 13. Kd2 Qf4+ 14. Kd3 Nb4#
0-1

[Event "AUTO-ADV-4853"]
[Site "http://www.queenalice.com/game.php?id=1854106"]
[Date "2025.3.17"]
[Round "1"]
[White "Canaye14"]
[Black "flanny"]
[Result "1-0"]
[WhiteElo "1869"]
[BlackElo "1641"]

1. d4 e6 2. Bf4 d5 3. Nf3 h6 4. e3 a6 5. c3 b5 6. Nbd2 c5 7. dxc5 Bxc5 8. Bd3
Ne7 9. O-O Nec6 10. a4 b4 11. cxb4 Nxb4 12. Nb3 Bb6 13. Rc1 O-O 14. Bb1 N8c6 15.
Nfd4 Bxd4 16. exd4 a5 17. Qd2 Qf6 18. Rfe1 Re8 19. Rc3 Ba6 20. Rg3 Kf8 21. Rxg7
Ke7 22. Bxh6 Kd7 23. Nc5+ Kc7 24. Nxa6+ Nxa6 25. Rc1 Kb6 26. Rg3 Nab4 27. Rb3 e5
28. dxe5 Qxe5 29. Bf4 Qg7 30. Qxd5 Rac8 31. Qb5+ Ka7 32. Be3+ Ka8 33. Bc5 Rb8
34. Qc4 Rg8 35. Be4 Rbc8 36. Bxb4 f5 37. Bxc6+ 1-0

[Event "AUTO-ADV-4853"]
[Site "http://www.queenalice.com/game.php?id=1854107"]
[Date "2025.3.17"]
[Round "1"]
[White "flanny"]
[Black "Canaye14"]
[Result "0-1"]
[WhiteElo "1635"]
[BlackElo "1859"]

1. e4 e6 2. d4 d5 3. e5 c5 4. dxc5 Bxc5 5. c3 Nc6 6. b4 Bb6 7. a4 Nge7 8. a5 Bc7
9. Nf3 Nxe5 10. h3 O-O 11. Qd4 Nxf3+ 12. gxf3 e5 13. Qd2 Bf5 14. Qa2 e4 15. fxe4
Bxe4 16. Rg1 Ng6 17. c4 d4 18. Bg5 Qd7 19. Rg4 f5 20. Rg1 f4 21. Rg4 Rae8 22.
Kd2 Bf5 23. c5+ Be6 24. Qc2 Bxg4 25. hxg4 Qxg4 26. Qc4+ Kh8 27. Qd5 Re5 28. Qxd4
Qxg5 29. Kc3 Rd8 30. Qc4 Re1 31. Bd3 Ne5 32. Qa2 Rxd3+ 0-1